Jazyk a totalitarismus
Uložené v:
| Hlavný autor: | |
|---|---|
| Médium: | Kniha |
| Jazyk: | Slovak |
| Vydavateľské údaje: |
Brno
Centrum pro studium demokracie a kultury
2013
|
| Edícia: | Politika a společnost
|
| Predmet: | |
| Tagy: |
Žiadne tagy, Buďte prvý, kto otaguje tento záznam!
|
MARC
| LEADER | 00000nam a2200000 4500 | ||
|---|---|---|---|
| 001 | 0242309 | ||
| 005 | 20240314094336.3 | ||
| 020 | |a 978-80-7325-316-5 | ||
| 041 | 0 | |a slo | |
| 044 | |a SK | ||
| 245 | 1 | 0 | |a Jazyk a totalitarismus |c Tomáš Váňa |
| 264 | 1 | |a Brno |b Centrum pro studium demokracie a kultury |c 2013 | |
| 300 | |a 159 s. | ||
| 490 | 1 | |a Politika a společnost | |
| 830 | 0 | |a Politika a společnost | |
| 610 | 2 | 0 | |a totalitarizmus |
| 610 | 2 | 0 | |a komunikácia |
| 610 | 2 | 0 | |a jazyk diplomatický |
| 610 | 2 | 0 | |a moc politická |
| 610 | 2 | 0 | |a moc štátna |
| 610 | 2 | 0 | |a komunizmus |
| 100 | 1 | |a Váňa, Tomáš | |